00343nam a22001457a 4500003000400000008004100004020001800045082001800063100002300081245002200104250001200126260003700138300001400175650000800189OSt250212b |||||||| |||| 00| 0 eng d a9789332543553 a055.133 bKAP aKAMTHANE, Ashok N. aProgramming In C  a3rd Ed. aChennai, India,bPearson:c2016. axii,672p. aBCA